000 00296nam a22001337a 4500
008 170203b xxu||||| |||| 00| 0 eng d
020 _a9780443062407
041 _aeng
080 _22ND
_a61
100 _a3
101 _aSHM
245 _aEVIDENCE-BASED MEDICINE
_cSACKETT, D.L
942 _2udc
_cBK
999 _c4393
_d4393